| 000 | 00820nam a2200205Ia 4500 | ||
|---|---|---|---|
| 005 | 20250108125201.0 | ||
| 008 | 008 250107s9999 xx 000 0 hin d | ||
| 037 | _aTB | ||
| 040 |
_aCRL _bhin _cCRL |
||
| 041 |
_ahin _2hin |
||
| 084 | _aLD 168R2 | ||
| 084 | _qCRL | ||
| 100 | _aबग्गा, कुलदीप, ले. | ||
| 245 | 0 |
_aमेरे शहर की आवाज़: कुलदीप बग्गा की समग्र कहानियॉं _cबग्गा, कुलदीप, ले. |
|
| 260 |
_aदिल्ली, भारत _bशांति पुस्तक मंदिर _c3574 |
||
| 300 | _a344पृ0 | ||
| 650 |
_aहिन्दी कहानीहिन्दी साहित्य _9729733 |
||
| 942 |
_cTB _hLD 168R2 |
||
| 999 |
_c1235962 _d1235962 |
||